The Reunion/ (Record no. 177696)
[ view plain ]
| 000 -LEADER | |
|---|---|
| fixed length control field | 00533nam a22001817a 4500 |
| 005 - DATE AND TIME OF LATEST TRANSACTION | |
| control field | 20210225161659.0 |
| 010 ## - LCCN (DPL NO) | |
| LC control number | ENG-129070 |
| 020 ## - INTERNATIONAL STANDARD BOOK NUMBER | |
| Terms of availability | 599.00 |
| International Standard Book Number | 978-1-4746-1121-3 |
| 035 ## - SYSTEM CONTROL NUMBER | |
| System control number | EN-112602 |
| 037 ## - SOURCE OF ACQUISITION | |
| Source of stock number/acquisition | DBAD/PUB |
| 082 ## - DEWEY DECIMAL CLASSIFICATION NUMBER | |
| Classification number | N |
| 100 ## - MAIN ENTRY--PERSONAL NAME | |
| Personal name | Musso, Guillaume |
| 245 ## - TITLE STATEMENT | |
| Title | The Reunion/ |
| Remainder of title | Guillaume Musso |
| 260 ## - PUBLICATION, DISTRIBUTION, ETC. (IMPRINT) | |
| Place of publication, distribution, etc | Gurugram |
| Name of publisher, distributor, etc | Hachette Book Publishing India Pvt. Ltd. |
| Date of publication, distribution, etc | 2019 |
| 270 ## - ADDRESS | |
| City | Gurugram |
| Address | 4th/5th Floors, Corporate Centre, Plot No- 94, Sec- 44 |
| Postal code | 122003 |
| 300 ## - PHYSICAL DESCRIPTION | |
| Extent | 308p. |
| Dimensions | 23cm(pbk) |
| 942 ## - ADDED ENTRY ELEMENTS (KOHA) | |
| Source of classification or shelving scheme | Dewey Decimal Classification |
| Item type | English Books |
| Classification part | N |
| Call number suffix | MUS |
| Withdrawn status | Lost status | Not for loan | Collection code | Home library | Current library | Date acquired | Source of acquisition | Cost, normal purchase price | Full call number | Barcode | Copy number | Cost, replacement price | Koha item type |
|---|---|---|---|---|---|---|---|---|---|---|---|---|---|
| Fiction | Ashok Vihar | Ashok Vihar | 25/02/2021 | DBAD/PUB | 599.00 | N MUS | EN-112602 | 1 | 599.00 | English Books |
